| 000 | 01083nam a2200301 i 4500 | ||
|---|---|---|---|
| 003 | EG-ScBUE | ||
| 005 | 20240222105019.0 | ||
| 008 | 111114s1987 ua bo f b 000 0 ara d | ||
| 017 | _a1988 / 3330 | ||
| 020 | _a9770224685 | ||
| 040 |
_aEG-ScBUE _bara _erda _cEG-ScBUE _dEG-ScBUE |
||
| 043 | _af-ua--- | ||
| 082 | 0 | 4 |
_222 _a962.401 _bب ك ر |
| 100 | 1 |
_927738 _aبكر، محمد إبراهيم، _eمؤلف. |
|
| 245 | 1 | 0 |
_aتاريخ السودان القديم / _cالدكتور محمد إبراهيم بكر. |
| 250 | _aالطبعة الثانية. | ||
| 264 | 1 |
_aالقاهرة : _bدار المعارف، _c1987. |
|
| 300 |
_a283 صفحة : _bخرائط، صور ؛ _c24 سم |
||
| 336 |
_2rdacontent _aنص _btxt |
||
| 337 |
_aبدون وسيط _2rdamedia _bn |
||
| 338 |
_aمجلد _bnc _2rdacarrier |
||
| 504 | _aيشتمل على إرجاعات ببليوجرافية. | ||
| 651 | 7 |
_2BUEsh _aالسودان القديم _xتاريخ. |
|
| 651 | 7 |
_2BUEsh _aالسودان _xحضارة. |
|
| 653 | _cNovember2011 | ||
| 655 | _vReading book | ||
| 942 |
_2ddc _cBB |
||
| 999 |
_c16205 _d16205 |
||